000 00448nam a2200181Ia 4500
005 20250923144555.0
008 008 250917s9999 xx 000 0 eng d
037 _aPeriodicals
040 _aDSWL
_beng
_cDSWL
041 _aeng
_2eng
084 _qDSWL
245 0 _aHuman relations
260 _bU.N. Scientific and cultural organisation
_c1957
300 _a193p.
490 _vVol. X, 1957
942 _cCR
999 _c1440688
_d1440688